Les honnêtes femes (Record no. 152543)

MARC details
000 -LEADER
campo de control de longitud fija 00808nam a22001935i 4500
001 - NÚMERO DE CONTROL
campo de control 152543
003 - IDENTIFICADOR DE NÚMERO DE CONTROL
campo de control ES-MaACL
005 - FECHA Y HORA DE LA ÚLTIMA TRANSACCIÓN
campo de control 20251005063119.0
008 - DATOS DE LONGITUD FIJA--INFORMACIÓN GENERAL
campo de control de longitud fija 051017s1859 fr | |||||||| ||fre d
040 ## - FUENTE DE CATALOGACIÓN
Centro catalogador/agencia de origen CAM
Lengua de catalogación spa
Centro/agencia transcriptor CAM
080 ## - NÚMERO DE LA CLASIFICACIÓN DECIMAL UNIVERSAL
Número de la Clasificación Decimal Universal 821.133.1-22"18"
100 1# - ENTRADA PRINCIPAL--NOMBRE DE PERSONA
Nombre de persona Anicet Bourgeois, Auguste,
Fechas asociadas al nombre 1806-1871
9 (RLIN) 30979
245 14 - MENCIÓN DEL TÍTULO
Título Les honnêtes femes
Resto del título : drame en cinq actes /
Mención de responsabilidad, etc. par Anicet Bourgeois.
260 ## - PUBLICACIÓN, DISTRIBUCIÓN, ETC.
Lugar de publicación, distribución, etc. Paris :
Nombre del editor, distribuidor, etc. Librairie Théatrale,
Fecha de publicación, distribución, etc. 1859 (
Fabricante Typ. Morris et comp.)
300 ## - DESCRIPCIÓN FÍSICA
Extensión 98 p. ;
Dimensiones 19 cm.
500 ## - NOTA GENERAL
Nota general Représenté pour la première fois, à Paris, sur le Théatre du Vaudeville le 29 juillet 1859.
852 ## - LOCALIZACIÓN
Ubicación ES-MaACL
Número de control de estantería T-732-F-2
Nota libre -- Enc. hol. conservando la cub. original
-- -- Ex-libris ms. de Gustavo Saenz Diez
-- -- Enc. en un vol. facticio
Holdings
Estatus retirado Estado de pérdida Estado de daño No para préstamo Colección Biblioteca de origen Biblioteca actual Ubicación en estantería Fecha de adquisición Total de préstamos Signatura topográfica completa Código de barras Visto por última vez Precio de reemplazo Tipo de ítem Koha
        Colección de folletos Biblioteca del Ateneo de Madrid Biblioteca del Ateneo de Madrid Depósito folletos 17/01/2008   T-732-F-2 1159289 23/02/2023 23/02/2023 Folleto